ARRUPE JESUIT UNIVERSITY

CORONAVIRUS -STOP THE SPREAD - CLEAN,DISINFECT,COVER

The semantic conception of theories and scientific realism / (Record no. 123419)

MARC details
000 -LEADER
fixed length control field 00904pam a2200289 a 4500
001 - CONTROL NUMBER
control field 549170
003 - CONTROL NUMBER IDENTIFIER
control field ARRUPE
005 - DATE AND TIME OF LATEST TRANSACTION
control field 20150915115101.0
008 - FIXED-LENGTH DATA ELEMENTS--GENERAL INFORMATION
fixed length control field 880913s1989 ilu b 001 0 eng
010 ## - LIBRARY OF CONGRESS CONTROL NUMBER
LC control number 88027878
020 ## - INTERNATIONAL STANDARD BOOK NUMBER
International Standard Book Number 025201605X (alk. paper)
040 ## - CATALOGING SOURCE
Original cataloging agency DLC
Transcribing agency DLC
Modifying agency DLC
050 00 - LIBRARY OF CONGRESS CALL NUMBER
Classification number Q175
Item number .S9393 1989
082 00 - DEWEY DECIMAL CLASSIFICATION NUMBER
Classification number 501
Edition number 19
300 ## - PHYSICAL DESCRIPTION
Dimensions 24 cm.
100 1# - MAIN ENTRY--PERSONAL NAME
Personal name Suppe, Frederick.
9 (RLIN) 19920
245 14 - TITLE STATEMENT
Title The semantic conception of theories and scientific realism /
Statement of responsibility, etc Frederick Suppe.
260 ## - PUBLICATION, DISTRIBUTION, ETC. (IMPRINT)
Place of publication, distribution, etc Chicago :
Name of publisher, distributor, etc University of Illinois Press,
Date of publication, distribution, etc c1989.
300 ## - PHYSICAL DESCRIPTION
Extent xvi, 475 p. ;
500 ## - GENERAL NOTE
General note Includes index.
504 ## - BIBLIOGRAPHY, ETC. NOTE
Bibliography, etc Bibliography: p. [433]-455.
650 #0 - SUBJECT ADDED ENTRY--TOPICAL TERM
Topical term or geographic name as entry element Science
General subdivision Philosophy.
9 (RLIN) 19921
650 #0 - SUBJECT ADDED ENTRY--TOPICAL TERM
Topical term or geographic name as entry element Science
General subdivision Methodology.
9 (RLIN) 19922
650 #0 - SUBJECT ADDED ENTRY--TOPICAL TERM
Topical term or geographic name as entry element Semantics (Philosophy)
9 (RLIN) 19923
650 #0 - SUBJECT ADDED ENTRY--TOPICAL TERM
Topical term or geographic name as entry element Realism.
9 (RLIN) 11315
906 ## - LOCAL DATA ELEMENT F, LDF (RLIN)
a 7
b cbc
c orignew
d 1
e ocip
f 19
g y-gencatlg
942 ## - ADDED ENTRY ELEMENTS (KOHA)
Source of classification or shelving scheme Library of Congress Classification
Koha item type Monograph ( Printed materials)
Holdings
Withdrawn status Lost status Source of classification or shelving scheme Damaged status Not for loan Collection code Home library Current library Shelving location Date acquired Total Checkouts Full call number Barcode Date last seen Date checked out Price effective from Koha item type
    Library of Congress Classification     Main Collection ARRUPE LIBRARY ARRUPE LIBRARY Main Collection 15/09/2015 1 Q175.S9393 1989 46500005383 03/07/2019 09/11/2015 15/09/2015 Monograph ( Printed materials)

 

Arrupe Library. PO Box MP320 Mt Pleasant, Harare, Zimbabwe
263 242 745411|librarian@aju.ac.zw